<?xml version="1.0" encoding="UTF-8"?>
<resp>
  <nextPage>https://data.bn.org.pl/api/networks/bibs.marcxml?marc=001+b0000005589581&amp;sinceId=5589582</nextPage>
  <collection>
    <record xmlns='http://www.loc.gov/MARC21/slim'><leader>03242nam a2200709 i 4500</leader><controlfield tag='001'>b0000005589581</controlfield><controlfield tag='005'>20260514090408.5</controlfield><controlfield tag='008'>170605s1782    pl           |000 0 pol  </controlfield><controlfield tag='009'>9910342547905606</controlfield><datafield ind1=' ' ind2=' ' tag='026'><subfield code='a'>y.az 9.it</subfield><subfield code='b'>rery wnza (7)</subfield><subfield code='c'>1782 (A)</subfield><subfield code='5'>WA N</subfield></datafield><datafield ind1=' ' ind2=' ' tag='035'><subfield code='a'>99101013388970506</subfield></datafield><datafield ind1=' ' ind2=' ' tag='035'><subfield code='a'>(PL-WaBN)b55895815-48omnis_nlop</subfield></datafield><datafield ind1=' ' ind2=' ' tag='035'><subfield code='a'>b55895815</subfield></datafield><datafield ind1=' ' ind2=' ' tag='035'><subfield code='a'>(OCoLC)1042420801</subfield></datafield><datafield ind1=' ' ind2=' ' tag='035'><subfield code='a'>(PL)b0000005589581</subfield></datafield><datafield ind1=' ' ind2=' ' tag='040'><subfield code='a'>WA N</subfield><subfield code='c'>WA N</subfield><subfield code='d'>WA N</subfield><subfield code='d'>KR U</subfield><subfield code='d'>WA U</subfield></datafield><datafield ind1='0' ind2=' ' tag='041'><subfield code='a'>pol</subfield></datafield><datafield ind1=' ' ind2=' ' tag='046'><subfield code='k'>1782</subfield></datafield><datafield ind1='0' ind2='0' tag='245'><subfield code='a'>Poganie w Początkowey Postaci :</subfield><subfield code='b'>Czyli Wywód błędu w przyczynach i początkach wielobóstwa, zabobonu, czarnoxięztwa, z wykładem Bożków Przednieyszych.</subfield></datafield><datafield ind1='3' ind2='0' tag='246'><subfield code='a'>Poganie w początkowej postaci</subfield></datafield><datafield ind1=' ' ind2=' ' tag='260'><subfield code='a'>W Warszawie :</subfield><subfield code='b'>w Drukarni XX. Missyonarzow,</subfield><subfield code='c'>1782.</subfield></datafield><datafield ind1=' ' ind2=' ' tag='300'><subfield code='a'>190 stron, [1] karta  ;</subfield><subfield code='c'>8°.</subfield></datafield><datafield ind1=' ' ind2=' ' tag='336'><subfield code='a'>Tekst</subfield><subfield code='b'>txt</subfield><subfield code='2'>rdacontent</subfield></datafield><datafield ind1=' ' ind2=' ' tag='337'><subfield code='a'>Bez urządzenia pośredniczącego</subfield><subfield code='b'>n</subfield><subfield code='2'>rdamedia</subfield></datafield><datafield ind1=' ' ind2=' ' tag='338'><subfield code='a'>Wolumin</subfield><subfield code='b'>nc</subfield><subfield code='2'>rdacarrier</subfield></datafield><datafield ind1=' ' ind2=' ' tag='380'><subfield code='a'>Starodruki</subfield></datafield><datafield ind1=' ' ind2=' ' tag='380'><subfield code='a'>Książki</subfield></datafield><datafield ind1='1' ind2=' ' tag='388'><subfield code='a'>1701-1800</subfield></datafield><datafield ind1=' ' ind2=' ' tag='500'><subfield code='a'>Na stronie tytułowej pod tytułem formuła: &quot;Ortus cuncta suos repetunt...&quot;</subfield></datafield><datafield ind1=' ' ind2=' ' tag='500'><subfield code='a'>Na stronie przedtytułowej: Poganie w Początkowey Postaci.</subfield></datafield><datafield ind1='4' ind2=' ' tag='510'><subfield code='a'>Ogłosz. prasowe,</subfield><subfield code='c'>6, 11423.</subfield></datafield><datafield ind1='4' ind2=' ' tag='510'><subfield code='a'>Estr. XV-XVIII,</subfield><subfield code='c'>t. 24 s. 423.</subfield></datafield><datafield ind1='4' ind2=' ' tag='510'><subfield code='a'>Jocher</subfield><subfield code='c'>843.</subfield></datafield><datafield ind1=' ' ind2=' ' tag='546'><subfield code='a'>Tekst polski, fragmenty łacińskie.</subfield></datafield><datafield ind1=' ' ind2='7' tag='648'><subfield code='a'>1701-1800</subfield><subfield code='2'>DBN</subfield></datafield><datafield ind1=' ' ind2='7' tag='650'><subfield code='a'>Poganie</subfield><subfield code='2'>DBN</subfield></datafield><datafield ind1=' ' ind2='7' tag='650'><subfield code='a'>Obyczaje i zwyczaje</subfield><subfield code='2'>DBN</subfield></datafield><datafield ind1=' ' ind2='7' tag='651'><subfield code='a'>Polska</subfield><subfield code='2'>DBN</subfield></datafield><datafield ind1=' ' ind2=' ' tag='658'><subfield code='a'>Historia</subfield></datafield><datafield ind1='2' ind2=' ' tag='710'><subfield code='a'>Drukarnia Misjonarzy (Warszawa)</subfield><subfield code='e'>Druk</subfield></datafield><datafield ind1=' ' ind2=' ' tag='752'><subfield code='a'>Polska</subfield><subfield code='d'>Warszawa.</subfield></datafield><datafield ind1=' ' ind2=' ' tag='852'><subfield code='b'>48OMNIS_NLOP</subfield><subfield code='8'>991010133889705066</subfield></datafield><datafield ind1=' ' ind2=' ' tag='852'><subfield code='b'>48OMNIS_NETWORK</subfield><subfield code='8'>9910342547905606</subfield></datafield><datafield ind1=' ' ind2=' ' tag='852'><subfield code='8'>22541227400005066</subfield><subfield code='j'>1</subfield><subfield code='h'>SD XVIII.1.5470 adl</subfield><subfield code='b'>BN_PL</subfield><subfield code='p'>777i54103356</subfield><subfield code='c'>bstdr</subfield><subfield code='z'>Uwaga: Współoprawione z: SD XVIII.1.5470-5471 adl.</subfield></datafield><datafield ind1=' ' ind2=' ' tag='852'><subfield code='8'>22541227380005066</subfield><subfield code='j'>1</subfield><subfield code='h'>SD XVIII.1.5242</subfield><subfield code='b'>BN_PL</subfield><subfield code='p'>777i54103393</subfield><subfield code='c'>bstdr</subfield><subfield code='z'>Uwaga: Na stronie przedtytułowej rękopiśmienna nota własnościowa. Defekt: brak stron 17-18, 63-64,67-78.</subfield></datafield><datafield ind1=' ' ind2=' ' tag='852'><subfield code='8'>22655772740005067</subfield><subfield code='j'>1</subfield><subfield code='h'>BJ St. Dr. 912223 I</subfield><subfield code='b'>BJ</subfield><subfield code='p'>stdr0037746</subfield><subfield code='c'>BJ_M_STDR</subfield><subfield code='z'>Def.: brak k. przedtyt., k. tyt. przetarta i podklejana, uszkodzenia rogów stron bez szkody dla tekstu.</subfield></datafield><datafield ind1=' ' ind2=' ' tag='852'><subfield code='8'>22541227360005066</subfield><subfield code='j'>1</subfield><subfield code='h'>SD XVIII.1.7173</subfield><subfield code='b'>BN_PL</subfield><subfield code='p'>777i54103423</subfield><subfield code='c'>bstdr</subfield></datafield><datafield ind1=' ' ind2=' ' tag='852'><subfield code='8'>221143880750008831</subfield><subfield code='j'>1</subfield><subfield code='b'>5100-BUW</subfield><subfield code='p'>SD.1800020467</subfield><subfield code='c'>10014</subfield></datafield><datafield ind1=' ' ind2=' ' tag='852'><subfield code='b'>48OMNIS_UOW</subfield><subfield code='8'>991053290976808831</subfield></datafield><datafield ind1=' ' ind2=' ' tag='852'><subfield code='b'>48OMNIS_UJA</subfield><subfield code='8'>991016974604405067</subfield></datafield><datafield ind1=' ' ind2=' ' tag='950'><subfield code='u'>https://eu05.alma.exlibrisgroup.com/view/uresolver/48OMNIS_NETWORK/openurl?u.ignore_date_coverage=true&amp;portfolio_pid=53714639330005066&amp;Force_direct=true</subfield><subfield code='z'>Zobacz w Polonie: egzemplarz SD XVIII.1.5242</subfield><subfield code='8'>53714639330005066</subfield></datafield><datafield ind1=' ' ind2=' ' tag='950'><subfield code='u'>https://eu05.alma.exlibrisgroup.com/view/uresolver/48OMNIS_NETWORK/openurl?u.ignore_date_coverage=true&amp;portfolio_pid=53714608720005066&amp;Force_direct=true</subfield><subfield code='z'>Zobacz w Polonie: egzemplarz SD XVIII.1.7173</subfield><subfield code='8'>53714608720005066</subfield></datafield></record>
  </collection>
</resp>
